000 00792nam a2200205 a 4500
001 000041794
005 20201002035746.0
008 131017s2004 sp 000 0 spa d
020 _a8400082745
040 _aDO-SdBNP
_bspa
_cBNPHU
100 1 _aVerdés Pijuan, Pere
_968659
245 1 0 _a"Per Ço que la Vila no Vage a Perdició" La Gestió del deute públic en un municipi Catalá /
_cPere Verdés Pijuan.
260 _aBarcelona :
_bCSIC,
_c2004.
300 _a559 p. ;
_c25 cm.
490 1 _aAnuario de estudios medievales. Annex
_v55
504 _aIncluye referencias bibliográficas y notas al pie de las páginas
710 2 _aConsejo Superior de Investigación Científicas
_963831
710 2 _ae-libro, Corp
_968660
830 0 _aAnuario de estudios medievales. Annex ;
_v55
_968661
999 _c41283
_d41283